000 01043nam a22003255i 4500
001 10768
003 ES-MaACL
005 20250727025837.0
007 t|
008 930907s1993 sp ||||0| spa j
020 _a84-7658-405-9
040 _aM-BN
_bspa
_cM-BN
080 _a39(72)(091)
080 _a316.7(72)(091)
080 _a39(85)(091)
080 _a316.7(85)(091)
100 1 _aMarzal, Manuel M.
_978604
245 1 0 _aHistoria de la antropología indigenista
_b: México y Perú /
_cManuel M. Zarzal.
250 _a1ª ed. en Editorial Anthropos.
260 _aBarcelona :
_bAnthropos,
_c1993.
300 _a543 p ;
_c20 cm.
490 1 _aAutores, textos y temas. Antropología ;
_v29
500 _aIndice.
504 _aBibliografía: p. 511-529.
650 4 _aAntropología cultural y social-
_zMéxico.
_99882
650 4 _aAntropología cultural y social-
_zPerú.
_99886
830 0 _aAutores, textos y temas. Antropología
_v29
_9177281
852 _aES-MaACL
_jL-18180
_bR.122238
999 _c10768
_d10768